<?xml version="1.0" encoding="UTF-8"?>
<record
    xmlns:xsi="http://www.w3.org/2001/XMLSchema-instance"
    xsi:schemaLocation="http://www.loc.gov/MARC21/slim http://www.loc.gov/standards/marcxml/schema/MARC21slim.xsd"
    xmlns="http://www.loc.gov/MARC21/slim">

  <leader>01285cam a2200349 i 4500</leader>
  <controlfield tag="001">19780844</controlfield>
  <controlfield tag="003">OSt</controlfield>
  <controlfield tag="005">20250610093410.0</controlfield>
  <controlfield tag="008">170711s2017    ii       b    001 0 eng  </controlfield>
  <datafield tag="010" ind1=" " ind2=" ">
    <subfield code="a">  2017325673</subfield>
  </datafield>
  <datafield tag="020" ind1=" " ind2=" ">
    <subfield code="a">9780143456797</subfield>
  </datafield>
  <datafield tag="025" ind1=" " ind2=" ">
    <subfield code="a">I-E-2017325673</subfield>
  </datafield>
  <datafield tag="037" ind1=" " ind2=" ">
    <subfield code="b">Library of Congress -- New Delhi Overseas Office</subfield>
  </datafield>
  <datafield tag="040" ind1=" " ind2=" ">
    <subfield code="a">DLC</subfield>
    <subfield code="b">eng</subfield>
    <subfield code="e">rda</subfield>
    <subfield code="c">DLC</subfield>
    <subfield code="d">DLC</subfield>
  </datafield>
  <datafield tag="042" ind1=" " ind2=" ">
    <subfield code="a">lcode</subfield>
    <subfield code="a">pcc</subfield>
  </datafield>
  <datafield tag="050" ind1="0" ind2="0">
    <subfield code="a">HD30.37</subfield>
    <subfield code="b">.V46 2017</subfield>
  </datafield>
  <datafield tag="082" ind1=" " ind2=" ">
    <subfield code="a">338.064</subfield>
    <subfield code="b">VEN/D</subfield>
  </datafield>
  <datafield tag="100" ind1="1" ind2=" ">
    <subfield code="a">Venkatraman, Venkat</subfield>
    <subfield code="e">author.</subfield>
    <subfield code="9">10533</subfield>
  </datafield>
  <datafield tag="245" ind1="1" ind2="4">
    <subfield code="a">The digital matrix :</subfield>
    <subfield code="b">new rules for business transformation through technology /</subfield>
    <subfield code="c">Venkat Venkatraman.</subfield>
  </datafield>
  <datafield tag="264" ind1=" " ind2="1">
    <subfield code="a">New Delhi, India :</subfield>
    <subfield code="b">Portfolio/Penguin,</subfield>
    <subfield code="c">2017.</subfield>
  </datafield>
  <datafield tag="300" ind1=" " ind2=" ">
    <subfield code="a">278 pages ;</subfield>
    <subfield code="c">24 cm</subfield>
  </datafield>
  <datafield tag="336" ind1=" " ind2=" ">
    <subfield code="a">text</subfield>
    <subfield code="b">txt</subfield>
    <subfield code="2">rdacontent</subfield>
  </datafield>
  <datafield tag="337" ind1=" " ind2=" ">
    <subfield code="a">unmediated</subfield>
    <subfield code="b">n</subfield>
    <subfield code="2">rdamedia</subfield>
  </datafield>
  <datafield tag="338" ind1=" " ind2=" ">
    <subfield code="a">volume</subfield>
    <subfield code="b">nc</subfield>
    <subfield code="2">rdacarrier</subfield>
  </datafield>
  <datafield tag="504" ind1=" " ind2=" ">
    <subfield code="a">Includes bibliographical references (pages 246-269) and index.</subfield>
  </datafield>
  <datafield tag="650" ind1=" " ind2="0">
    <subfield code="a">Business enterprises</subfield>
    <subfield code="x">Computer networks.</subfield>
  </datafield>
  <datafield tag="650" ind1=" " ind2="0">
    <subfield code="a">Electronic commerce.</subfield>
  </datafield>
  <datafield tag="650" ind1=" " ind2="0">
    <subfield code="a">Business planning</subfield>
    <subfield code="x">Data processing.</subfield>
  </datafield>
  <datafield tag="906" ind1=" " ind2=" ">
    <subfield code="a">7</subfield>
    <subfield code="b">cbc</subfield>
    <subfield code="c">origode</subfield>
    <subfield code="d">3</subfield>
    <subfield code="e">ncip</subfield>
    <subfield code="f">20</subfield>
    <subfield code="g">y-gencatlg</subfield>
  </datafield>
  <datafield tag="942" ind1=" " ind2=" ">
    <subfield code="2">ddc</subfield>
    <subfield code="c">BK</subfield>
    <subfield code="h">338.064</subfield>
    <subfield code="i">VEN/D</subfield>
    <subfield code="k">338.064</subfield>
    <subfield code="m">VEN/D</subfield>
  </datafield>
  <datafield tag="952" ind1=" " ind2=" ">
    <subfield code="0">0</subfield>
    <subfield code="1">0</subfield>
    <subfield code="2">ddc</subfield>
    <subfield code="4">0</subfield>
    <subfield code="7">0</subfield>
    <subfield code="8">PRODUCTION</subfield>
    <subfield code="a">MES</subfield>
    <subfield code="b">MES</subfield>
    <subfield code="c">ECO </subfield>
    <subfield code="d">2025-06-10</subfield>
    <subfield code="l">0</subfield>
    <subfield code="o">338.064 VEN/D</subfield>
    <subfield code="p">45580</subfield>
    <subfield code="r">2025-06-10 09:33:59</subfield>
    <subfield code="t">1</subfield>
    <subfield code="w">2025-06-10</subfield>
    <subfield code="y">BK</subfield>
    <subfield code="z">GL7R2</subfield>
  </datafield>
  <datafield tag="952" ind1=" " ind2=" ">
    <subfield code="0">0</subfield>
    <subfield code="1">0</subfield>
    <subfield code="2">ddc</subfield>
    <subfield code="4">0</subfield>
    <subfield code="7">0</subfield>
    <subfield code="8">PRODUCTION</subfield>
    <subfield code="a">MES</subfield>
    <subfield code="b">MES</subfield>
    <subfield code="c">ECO </subfield>
    <subfield code="d">2025-06-10</subfield>
    <subfield code="l">0</subfield>
    <subfield code="o">338.064 VEN/D</subfield>
    <subfield code="p">45581</subfield>
    <subfield code="r">2025-06-10 09:33:59</subfield>
    <subfield code="t">2</subfield>
    <subfield code="w">2025-06-10</subfield>
    <subfield code="y">BK</subfield>
    <subfield code="z">GL7R2</subfield>
  </datafield>
  <datafield tag="952" ind1=" " ind2=" ">
    <subfield code="0">0</subfield>
    <subfield code="1">0</subfield>
    <subfield code="2">ddc</subfield>
    <subfield code="4">0</subfield>
    <subfield code="7">0</subfield>
    <subfield code="8">PRODUCTION</subfield>
    <subfield code="a">MES</subfield>
    <subfield code="b">MES</subfield>
    <subfield code="c">ECO </subfield>
    <subfield code="d">2025-06-10</subfield>
    <subfield code="l">0</subfield>
    <subfield code="o">338.064 VEN/D</subfield>
    <subfield code="p">45582</subfield>
    <subfield code="r">2025-06-10 09:33:59</subfield>
    <subfield code="t">3</subfield>
    <subfield code="w">2025-06-10</subfield>
    <subfield code="y">BK</subfield>
    <subfield code="z">GL7R2</subfield>
  </datafield>
  <datafield tag="952" ind1=" " ind2=" ">
    <subfield code="0">0</subfield>
    <subfield code="1">0</subfield>
    <subfield code="2">ddc</subfield>
    <subfield code="4">0</subfield>
    <subfield code="7">0</subfield>
    <subfield code="8">PRODUCTION</subfield>
    <subfield code="a">MES</subfield>
    <subfield code="b">MES</subfield>
    <subfield code="c">ECO </subfield>
    <subfield code="d">2025-06-10</subfield>
    <subfield code="l">0</subfield>
    <subfield code="o">338.064 VEN/D</subfield>
    <subfield code="p">45583</subfield>
    <subfield code="r">2025-06-10 09:33:59</subfield>
    <subfield code="t">4</subfield>
    <subfield code="w">2025-06-10</subfield>
    <subfield code="y">BK</subfield>
    <subfield code="z">GL7R2</subfield>
  </datafield>
  <datafield tag="952" ind1=" " ind2=" ">
    <subfield code="0">0</subfield>
    <subfield code="1">0</subfield>
    <subfield code="2">ddc</subfield>
    <subfield code="4">0</subfield>
    <subfield code="7">0</subfield>
    <subfield code="8">PRODUCTION</subfield>
    <subfield code="a">MES</subfield>
    <subfield code="b">MES</subfield>
    <subfield code="c">ECO </subfield>
    <subfield code="d">2025-06-10</subfield>
    <subfield code="l">0</subfield>
    <subfield code="o">338.064 VEN/D</subfield>
    <subfield code="p">45584</subfield>
    <subfield code="r">2025-06-10 09:33:59</subfield>
    <subfield code="t">5</subfield>
    <subfield code="w">2025-06-10</subfield>
    <subfield code="y">BK</subfield>
    <subfield code="z">GL7R2</subfield>
  </datafield>
  <datafield tag="952" ind1=" " ind2=" ">
    <subfield code="0">0</subfield>
    <subfield code="1">0</subfield>
    <subfield code="2">ddc</subfield>
    <subfield code="4">0</subfield>
    <subfield code="7">0</subfield>
    <subfield code="8">PRODUCTION</subfield>
    <subfield code="a">MES</subfield>
    <subfield code="b">MES</subfield>
    <subfield code="c">ECO </subfield>
    <subfield code="d">2025-06-10</subfield>
    <subfield code="l">0</subfield>
    <subfield code="o">338.064 VEN/D</subfield>
    <subfield code="p">45585</subfield>
    <subfield code="r">2025-06-10 09:33:59</subfield>
    <subfield code="t">6</subfield>
    <subfield code="w">2025-06-10</subfield>
    <subfield code="y">BK</subfield>
    <subfield code="z">GL7R2</subfield>
  </datafield>
  <datafield tag="952" ind1=" " ind2=" ">
    <subfield code="0">0</subfield>
    <subfield code="1">0</subfield>
    <subfield code="2">ddc</subfield>
    <subfield code="4">0</subfield>
    <subfield code="7">0</subfield>
    <subfield code="8">PRODUCTION</subfield>
    <subfield code="a">MES</subfield>
    <subfield code="b">MES</subfield>
    <subfield code="c">ECO </subfield>
    <subfield code="d">2025-06-10</subfield>
    <subfield code="l">0</subfield>
    <subfield code="o">338.064 VEN/D</subfield>
    <subfield code="p">45586</subfield>
    <subfield code="r">2025-06-10 09:33:59</subfield>
    <subfield code="t">7</subfield>
    <subfield code="w">2025-06-10</subfield>
    <subfield code="y">BK</subfield>
    <subfield code="z">GL7R2</subfield>
  </datafield>
  <datafield tag="952" ind1=" " ind2=" ">
    <subfield code="0">0</subfield>
    <subfield code="1">0</subfield>
    <subfield code="2">ddc</subfield>
    <subfield code="4">0</subfield>
    <subfield code="7">0</subfield>
    <subfield code="8">PRODUCTION</subfield>
    <subfield code="a">MES</subfield>
    <subfield code="b">MES</subfield>
    <subfield code="c">ECO </subfield>
    <subfield code="d">2025-06-10</subfield>
    <subfield code="l">0</subfield>
    <subfield code="o">338.064 VEN/D</subfield>
    <subfield code="p">45587</subfield>
    <subfield code="r">2025-06-10 09:33:59</subfield>
    <subfield code="t">8</subfield>
    <subfield code="w">2025-06-10</subfield>
    <subfield code="y">BK</subfield>
    <subfield code="z">GL7R2</subfield>
  </datafield>
  <datafield tag="952" ind1=" " ind2=" ">
    <subfield code="0">0</subfield>
    <subfield code="1">0</subfield>
    <subfield code="2">ddc</subfield>
    <subfield code="4">0</subfield>
    <subfield code="7">0</subfield>
    <subfield code="8">PRODUCTION</subfield>
    <subfield code="a">MES</subfield>
    <subfield code="b">MES</subfield>
    <subfield code="c">ECO </subfield>
    <subfield code="d">2025-06-10</subfield>
    <subfield code="l">0</subfield>
    <subfield code="o">338.064 VEN/D</subfield>
    <subfield code="p">45588</subfield>
    <subfield code="r">2025-06-10 09:33:59</subfield>
    <subfield code="t">9</subfield>
    <subfield code="w">2025-06-10</subfield>
    <subfield code="y">BK</subfield>
    <subfield code="z">GL7R2</subfield>
  </datafield>
  <datafield tag="952" ind1=" " ind2=" ">
    <subfield code="0">0</subfield>
    <subfield code="1">0</subfield>
    <subfield code="2">ddc</subfield>
    <subfield code="4">0</subfield>
    <subfield code="7">0</subfield>
    <subfield code="8">PRODUCTION</subfield>
    <subfield code="a">MES</subfield>
    <subfield code="b">MES</subfield>
    <subfield code="c">ECO </subfield>
    <subfield code="d">2025-06-10</subfield>
    <subfield code="l">0</subfield>
    <subfield code="o">338.064 VEN/D</subfield>
    <subfield code="p">45589</subfield>
    <subfield code="r">2025-06-10 09:33:59</subfield>
    <subfield code="t">10</subfield>
    <subfield code="w">2025-06-10</subfield>
    <subfield code="y">BK</subfield>
    <subfield code="z">GL7R2</subfield>
  </datafield>
  <datafield tag="952" ind1=" " ind2=" ">
    <subfield code="0">0</subfield>
    <subfield code="1">0</subfield>
    <subfield code="2">ddc</subfield>
    <subfield code="4">0</subfield>
    <subfield code="7">0</subfield>
    <subfield code="8">PRODUCTION</subfield>
    <subfield code="a">MES</subfield>
    <subfield code="b">MES</subfield>
    <subfield code="c">ECO </subfield>
    <subfield code="d">2025-06-10</subfield>
    <subfield code="l">0</subfield>
    <subfield code="o">338.064 VEN/D</subfield>
    <subfield code="p">45590</subfield>
    <subfield code="r">2025-06-10 09:33:59</subfield>
    <subfield code="t">11</subfield>
    <subfield code="w">2025-06-10</subfield>
    <subfield code="y">BK</subfield>
    <subfield code="z">GL7R2</subfield>
  </datafield>
  <datafield tag="952" ind1=" " ind2=" ">
    <subfield code="0">0</subfield>
    <subfield code="1">0</subfield>
    <subfield code="2">ddc</subfield>
    <subfield code="4">0</subfield>
    <subfield code="7">0</subfield>
    <subfield code="8">PRODUCTION</subfield>
    <subfield code="a">MES</subfield>
    <subfield code="b">MES</subfield>
    <subfield code="c">ECO </subfield>
    <subfield code="d">2025-06-10</subfield>
    <subfield code="l">0</subfield>
    <subfield code="o">338.064 VEN/D</subfield>
    <subfield code="p">45591</subfield>
    <subfield code="r">2025-06-10 09:33:59</subfield>
    <subfield code="t">12</subfield>
    <subfield code="w">2025-06-10</subfield>
    <subfield code="y">BK</subfield>
    <subfield code="z">GL7R2</subfield>
  </datafield>
  <datafield tag="999" ind1=" " ind2=" ">
    <subfield code="c">44462</subfield>
    <subfield code="d">44462</subfield>
  </datafield>
</record>
